| 000 | 01118nam a2200325 4500 | ||
|---|---|---|---|
| 001 | 19655 | ||
| 003 | BD-RjUL | ||
| 005 | 20211209000447.0 | ||
| 008 | 140225r19771973enkc 000 p eng | ||
| 020 |
_a0333147332 _a0333147340 (pbk) |
||
| 035 | _a(BD-RjUL)19715 | ||
| 040 |
_aDLC _cDLC _dDLC _dBD-RjUL _beng |
||
| 041 | _aeng | ||
| 082 | 0 | 0 |
_a821.3 _bSHS 1977 |
| 100 | 1 |
_aShakespeare, William, _d1564-1616. _960397 |
|
| 245 | 0 | 0 |
_aShakespeare's sonnets - the problems solved : _ba modern edition with prose versions, introduction and notes, _cA. L. Rowse. |
| 250 | _a2nd ed. | ||
| 260 |
_aLondon : _bMacmillan, _cc1973 [Reprinted 1977]. |
||
| 300 |
_axlv, 319 p. : _bill., leaf. port. ; _c22 cm. |
||
| 350 | _a£3.95 | ||
| 500 | _aFirst ed. published in 1964 under title: Sonnets. | ||
| 600 | 1 | 0 |
_aShakespeare, William, _d1564-1616. _960413 |
| 650 | 0 |
_aSonnets, English. _960362 |
|
| 650 | 0 |
_aSonnets, English _xHistory and criticism. _960362 |
|
| 700 | 1 |
_aRowse, A. L. _q(Alfred Leslie), _d1903-1997, _eed. _955432 |
|
| 942 |
_2ddc _cBK |
||
| 999 |
_c19655 _d19655 |
||